Movies Quiz

Random Movies or Clickable Quiz

Talking Robots Quiz Stats

 Plays Quiz Updated Aug 7, 2012

Also try: Movie by Robot
Challenge
Share
Tweet
Embed
Score 0/24 Timer 07:00
0 Plays Today
% Correct
Fembots (Austin Powers)
85.4%
The Terminator (Terminator 2)
77.4%
C-3PO (Empire Strikes Back)
70.4%
Data (Star Trek: First Contact)
61%
Optimus Prime (Transformers)
51.3%
Sonny (I, Robot)
50.9%
Dot Matrix (Spaceballs)
50.2%
MO (Wall-E)
44.6%
Marvin (Hitchhiker's Guide to the Galaxy)
44.2%
Evil Ted (Bill and Ted's Bogus Journey)
42.1%
Gigolo Joe (A.I. Artificial Intelligence)
38.4%
Robocop
37.9%
% Correct
'Sico' (Rocky IV)
35.1%
B.E.N. (Treasure Planet)
31.8%
Fender (Robots)
30.4%
Number 5 (Short Circuit)
27.9%
The Iron Giant
26.9%
Ash (Alien)
26.6%
Bishop (Aliens)
24.7%
Crow T. Robot (MST3K: The Movie)
22.4%
Roy Batty (Blade Runner)
16.9%
SID 6.7 (Virtuosity)
15.2%
Robby the Robot (Forbidden Planet)
9.2%
Box (Logan's Run)
8.9%

You're not logged in!

Compare scores with friends on all Sporcle quizzes.
OR
Log In

You Might Also Like...

Show Comments

Extras

Top Quizzes Today


Score Distribution

Your Account Isn't Verified!

In order to create a playlist on Sporcle, you need to verify the email address you used during registration. Go to your Sporcle Settings to finish the process.

Report this User

Report this user for behavior that violates our Community Guidelines.

Details: